000 00294nam a22001337a 4500
020 _a0-7214-1932-1
082 _a823
_bJEA/R
100 _aJEAN
100 _aADAMSON, GARETH
245 _aRED BOOTS
260 _aENGLISH SHORT STORY
_bLADYBIRD
650 _aENGLISH SHORT STORY
_zUK
942 _cBK
999 _c4124
_d4124